[Event "Mittelfrankenliga 05/06 (B2a)"]
[Site "Mfr.2005/06-R6"]
[Date "2006.02.12"]
[Round "6.8"]
[White "Noettling, Dominik"]
[Black "Fuchs, Gerhard"]
[Result "0-1"]
[WhiteElo "1377"]
[BlackElo "2133"]
[Annotator "Forchheim3-Nbg.1911/2"]
[PlyCount "102"]
[EventDate "2006.02.12"]
[SourceDate "2005.10.17"]

1. e4 e5 2. Bc4 Nc6 3. Nf3 Bc5 4. O-O d6 5. h3 Nf6 6. d3 h6 7. Nc3 O-O 8. Bd2
a6 9. a4 Nd4 10. Be3 c6 11. Bxd4 exd4 12. Ne2 Qb6 13. Bb3 a5 14. Nf4 Qd8 15.
Ng6 Re8 16. e5 dxe5 17. Ngxe5 Be6 18. Bxe6 Rxe6 19. Re1 Bb4 20. Re2 Qe7 21. Rc1
Bd6 22. Nxc6 bxc6 23. Nxd4 Rxe2 24. Qxe2 Qa7 25. Nxc6 Qc5 26. Qf3 Rc8 27. d4
Qxc6 28. Qxc6 Rxc6 29. c4 Bf4 30. Rc2 Re6 31. Kf1 Ne4 32. g3 Bg5 33. d5 Rd6 34.
h4 Bd8 35. Ke2 Nc5 36. Ke3 Nxa4 37. Kd3 Bf6 38. b3 Nc5+ 39. Ke3 Nxb3 40. Kd3
Nc5+ 41. Ke2 Rb6 42. Ra2 Rb2+ 43. Rxb2 Bxb2 44. Kd1 a4 45. Kc2 a3 46. Kb1 Ne4
47. f3 Nd2+ 48. Kc2 Nxc4 49. Kb3 Be5 50. f4 Bd6 51. Ka2 Ne3 0-1

[Event "Mittelfrankenliga 05/06 (B2a)"]
[Site "Mfr.2005/06-R6"]
[Date "2006.02.12"]
[Round "6.1"]
[White "Seeger, Peter"]
[Black "Regnat, Markus"]
[Result "1/2-1/2"]
[WhiteElo "2021"]
[BlackElo "2061"]
[Annotator "Neumarkt1-Eckental1"]
[PlyCount "92"]
[EventDate "2006.02.12"]
[SourceDate "2005.10.17"]

1. d4 g6 2. c4 Bg7 3. Nc3 d6 4. e4 Nd7 5. Nf3 c6 6. Be2 Qc7 7. O-O Ngf6 8. Qc2
e5 9. d5 c5 10. Nb5 Qb8 11. Ne1 O-O 12. Be3 Ne8 13. Nd3 a6 14. Nc3 b5 15. cxb5
axb5 16. b4 c4 17. Nb2 f5 18. f3 Ra3 19. Qc1 Ndf6 20. Nxc4 Rxc3 21. Qxc3 bxc4
22. Qxc4 Rf7 23. b5 fxe4 24. fxe4 Rc7 25. Qd3 Bg4 26. b6 Rb7 27. Bxg4 Nxg4 28.
Rfb1 Nxe3 29. Qxe3 Nf6 30. h3 Nd7 31. Rb4 Bf6 32. a4 Qa8 33. a5 Bd8 34. Qc3 Nc5
35. Kh1 Na6 36. Rb2 Nc5 37. Rf2 Nxe4 38. Qc6 Nxf2+ 39. Kh2 Bxb6 40. a6 Ra7 41.
Qxb6 Ne4 42. Rb1 Rxa6 43. Qc7 Ra4 44. Rb7 Qxb7 45. Qxb7 Rd4 46. h4 h5 1/2-1/2

[Event "Mittelfrankenliga 05/06 (B2a)"]
[Site "Mfr.2005/06-R6"]
[Date "2006.02.12"]
[Round "6.2"]
[White "Simon, Martin"]
[Black "Rohrbach, Frank"]
[Result "1-0"]
[WhiteElo "1916"]
[BlackElo "2079"]
[Annotator "Neumarkt1-Eckental1"]
[PlyCount "77"]
[EventDate "2006.02.12"]
[SourceDate "2005.10.17"]

1. e4 c5 2. Nf3 e6 3. d4 cxd4 4. Nxd4 a6 5. c4 b6 6. Be2 Bb7 7. f3 Qc7 8. Be3
Nf6 9. Qd2 d6 10. Nc3 Nbd7 11. Rc1 Be7 12. O-O O-O 13. Rfd1 Rfe8 14. Qe1 Rac8
15. Qf2 Qb8 16. Na4 d5 17. cxd5 Bd6 18. Nc6 Bxh2+ 19. Kf1 Bxc6 20. dxc6 Nc5 21.
Nxb6 Bg3 22. Qg1 Qxb6 23. Rxc5 Rxc6 24. b4 Rd6 25. Rb1 Qb8 26. e5 Ng4 27. fxg4
Rd5 28. Bd4 f6 29. Qe3 Rxc5 30. Bxc5 Bxe5 31. Bxa6 Rd8 32. Bc4 Qc8 33. a4 Kf7
34. a5 Rd4 35. Be2 Rf4+ 36. Kg1 Qd7 37. Rd1 Qa4 38. a6 h5 39. Qd3 1-0

[Event "Mittelfrankenliga 05/06 (B2a)"]
[Site "Mfr.2005/06-R6"]
[Date "2006.02.12"]
[Round "6.3"]
[White "Reichenberger, Helmut,Dr."]
[Black "Brunner, Wolfgang"]
[Result "1-0"]
[WhiteElo "1837"]
[BlackElo "1925"]
[Annotator "Neumarkt1-Eckental1"]
[PlyCount "81"]
[EventDate "2006.02.12"]
[SourceDate "2005.10.17"]

1. e4 e6 2. d4 d5 3. Nd2 Nf6 4. Bd3 c5 5. c3 cxd4 6. cxd4 dxe4 7. Nxe4 Nc6 8.
Ne2 Bb4+ 9. N4c3 Nd5 10. O-O O-O 11. Ne4 Be7 12. a3 f5 13. N4c3 Nf6 14. Bc4 Bd6
15. g3 a6 16. Nf4 Bxf4 17. Bxf4 b5 18. d5 bxc4 19. dxc6 Qb6 20. Qd6 Ne8 21. Be3
Qxb2 22. Qe5 Nf6 23. Bd4 Qd2 24. f4 Rf7 25. Rf2 Qd3 26. Rd1 Ng4 27. Qc5 Nxf2
28. Bxf2 Qxd1+ 29. Nxd1 Rb8 30. Nc3 Rb2 31. Qd6 Rc2 32. Bc5 h6 33. Qd8+ Kh7 34.
Qxc8 Rxc3 35. Qxe6 Rf6 36. Qxf6 gxf6 37. c7 Rc1+ 38. Kg2 c3 39. c8=Q Rc2+ 40.
Bf2 Rc1 41. Qxf5+ 1-0

[Event "Mittelfrankenliga 05/06 (B2a)"]
[Site "Mfr.2005/06-R6"]
[Date "2006.02.12"]
[Round "6.4"]
[White "Weidenhoefer, Martin"]
[Black "Theimer, Matthias"]
[Result "0-1"]
[WhiteElo "1910"]
[BlackElo "1748"]
[Annotator "Neumarkt1-Eckental1"]
[PlyCount "96"]
[EventDate "2006.02.12"]
[SourceDate "2005.10.17"]

1. e4 d6 2. d4 g6 3. Be3 Bg7 4. c3 b6 5. Nf3 Bb7 6. Bd3 Nd7 7. Nbd2 Ngf6 8. h3
c5 9. O-O Rc8 10. Qa4 a6 11. Rae1 b5 12. Qd1 c4 13. Bb1 O-O 14. Nh2 e6 15. f4
Qe7 16. Ng4 Rce8 17. a3 Nh5 18. e5 Ng3 19. Rf2 Nf5 20. Be4 Nxe3 21. Nxe3 d5 22.
Bb1 a5 23. g4 b4 24. axb4 axb4 25. f5 f6 26. fxg6 fxe5 27. gxh7+ Kh8 28. dxe5
Rxf2 29. Kxf2 Qh4+ 30. Ke2 Bxe5 31. Nf3 Qf6 32. Nxe5 Qxe5 33. Qd4 Qxd4 34. cxd4
e5 35. Bg6 Re7 36. Nf5 Re6 37. Nh4 exd4+ 38. Kd2 c3+ 39. Kd1 Rxe1+ 40. Kxe1 Nf6
41. Kd1 Nxh7 42. Nf5 d3 43. bxc3 bxc3 44. Ne7 d2 45. Nf5 Ng5 46. h4 Ne4 47. Ne3
d4 48. Bxe4 Bxe4 0-1

[Event "Mittelfrankenliga 05/06 (B2a)"]
[Site "Mfr.2005/06-R6"]
[Date "2006.02.12"]
[Round "6.5"]
[White "Bauer, Klaus[66]"]
[Black "Kipferl, Wolfgang,Dr."]
[Result "0-1"]
[WhiteElo "1798"]
[BlackElo "1832"]
[Annotator "Neumarkt1-Eckental1"]
[PlyCount "70"]
[EventDate "2006.02.12"]
[SourceDate "2005.10.17"]

1. e4 d6 2. d4 g6 3. Nf3 Bg7 4. Be3 Nc6 5. Bc4 h6 6. c3 Nf6 7. Nbd2 O-O 8. Qc2
Ng4 9. O-O-O e5 10. Nb3 Nxe3 11. fxe3 a6 12. Rhf1 Qe7 13. Qf2 Nd8 14. d5 c6 15.
dxc6 bxc6 16. Nh4 Be6 17. Bxe6 Nxe6 18. Nf3 Rfb8 19. Rd2 a5 20. Qh4 Bf8 21.
Qxe7 Bxe7 22. Rdf2 Rb7 23. Nfd2 a4 24. Na1 Bg5 25. Rf3 Nc5 26. Kc2 d5 27. exd5
cxd5 28. Re1 f5 29. Rf2 e4 30. Rfe2 Rc8 31. g3 Nd3 32. Rb1 Nb4+ 33. Kd1 Nxa2
34. Ke1 a3 35. Nf1 Nxc3 0-1

[Event "Mittelfrankenliga 05/06 (B2a)"]
[Site "Mfr.2005/06-R6"]
[Date "2006.02.12"]
[Round "6.6"]
[White "Niebler, Andreas"]
[Black "Laibold, Lorenz"]
[Result "1/2-1/2"]
[WhiteElo "1826"]
[BlackElo "1793"]
[Annotator "Neumarkt1-Eckental1"]
[PlyCount "43"]
[EventDate "2006.02.12"]
[SourceDate "2005.10.17"]

1. d4 Nf6 2. c4 g6 3. Nc3 d5 4. cxd5 Nxd5 5. e4 Nxc3 6. bxc3 Bg7 7. Be3 O-O 8.
Bc4 c5 9. Ne2 Nc6 10. Qd2 Qa5 11. Rb1 cxd4 12. cxd4 Qxd2+ 13. Kxd2 Rd8 14. Bd5
Nxd4 15. Bxd4 Bxd4 16. Nxd4 e6 17. Bxb7 Bxb7 18. Rxb7 Rxd4+ 19. Ke3 Ra4 20. Rd1
Rc8 21. Rdd7 Ra3+ 22. Kd4 1/2-1/2

[Event "Mittelfrankenliga 05/06 (B2a)"]
[Site "Mfr.2005/06-R6"]
[Date "2006.02.12"]
[Round "6.7"]
[White "Hager, Lothar"]
[Black "Moesl, Sebastian"]
[Result "0-1"]
[WhiteElo "1551"]
[BlackElo "1793"]
[Annotator "Neumarkt1-Eckental1"]
[PlyCount "88"]
[EventDate "2006.02.12"]
[SourceDate "2005.10.17"]

1. Nf3 d5 2. g3 Nf6 3. Bg2 Bf5 4. d3 e6 5. O-O Nc6 6. Nbd2 Be7 7. Re1 O-O 8. e4
dxe4 9. dxe4 Nxe4 10. Nh4 Bxh4 11. Bxe4 Bxe4 12. Rxe4 Bf6 13. c3 Qd5 14. Qe1
Rad8 15. Nb3 Ne5 16. Qe2 Qd1+ 17. Kg2 Qxe2 18. Rxe2 Nc4 19. Nc5 b6 20. Ne4 Be7
21. b3 Nd6 22. Bg5 Bxg5 23. Nxg5 Nf5 24. Nf3 Rd3 25. Rc1 Rfd8 26. g4 Ne7 27. c4
c5 28. Rce1 Nc6 29. h3 Rxf3 30. Kxf3 Nd4+ 31. Ke3 Nxe2 32. Rxe2 f6 33. f4 Kf7
34. h4 Rd4 35. Rf2 Rd1 36. f5 e5 37. Rd2 Rxd2 38. Kxd2 g6 39. Ke3 gxf5 40. gxf5
Kg7 41. Ke4 Kh6 42. a3 a5 43. Kd5 Kh5 44. Kc6 e4 0-1

[Event "Mittelfrankenliga 05/06 (B2a)"]
[Site "Mfr.2005/06-R6"]
[Date "2006.02.12"]
[Round "6.8"]
[White "Runde, Eduard"]
[Black "Oberdorf, Christian"]
[Result "1-0"]
[WhiteElo "1614"]
[BlackElo "1615"]
[Annotator "Neumarkt1-Eckental1"]
[PlyCount "119"]
[EventDate "2006.02.12"]
[SourceDate "2005.10.17"]

1. e4 e5 2. Nf3 Nc6 3. d4 exd4 4. Nxd4 Nxd4 5. Qxd4 c5 6. Qe5+ Qe7 7. Bf4 Qxe5
8. Bxe5 a6 9. Nc3 d6 10. Nd5 Kd8 11. Bc3 Be6 12. Ba5+ Kc8 13. Nb6+ Kb8 14. Nxa8
Kxa8 15. O-O-O Kb8 16. f4 Nf6 17. Re1 Be7 18. f5 Bd7 19. h3 Bc6 20. Bd3 Nd7 21.
Bc4 Bg5+ 22. Kb1 Ne5 23. Bd5 Re8 24. Bc3 Kc7 25. Bxe5 Rxe5 26. Bxc6 Kxc6 27. g3
Re8 28. h4 Bf6 29. g4 Be5 30. a4 c4 31. c3 b5 32. axb5+ Kxb5 33. Rd1 Kc6 34.
Rd5 Rb8 35. Kc2 Re8 36. h5 h6 37. Rhd1 Re7 38. Kd2 Bf4+ 39. Ke2 Be5 40. Ke3 f6
41. Ra1 Kb6 42. Ra4 Rc7 43. Rb4+ Ka7 44. Ke2 Rb7 45. Rxb7+ Kxb7 46. Kd2 Kb6 47.
Kc2 Kc6 48. Kb1 Bf4 49. Ka2 Be3 50. Ra5 Kb6 51. Ra4 Bc5 52. b3 cxb3+ 53. Kxb3
Kb5 54. Ra2 Bb6 55. c4+ Kc5 56. Rxa6 Kc6 57. Ra8 Kd7 58. Rg8 Ke7 59. Rxg7+ Kf8
60. Rg6 1-0

[Event "Mittelfrankenliga 05/06 (B2a)"]
[Site "Mfr.2005/06-R6"]
[Date "2006.02.12"]
[Round "6.1"]
[White "Lausen, Berthold,Dr."]
[Black "Nickmann, Peter"]
[Result "1-0"]
[WhiteElo "1960"]
[BlackElo "1924"]
[Annotator "SF Fürth2-SG/TB Erlangen2"]
[PlyCount "156"]
[EventDate "2006.02.12"]
[SourceDate "2005.10.17"]

1. Nf3 c5 2. d4 cxd4 3. Nxd4 Nf6 4. g3 d5 5. Bg2 Nc6 6. O-O e5 7. Nxc6 bxc6 8.
c4 Be7 9. Nc3 O-O 10. cxd5 cxd5 11. Nxd5 Nxd5 12. Bxd5 Bh3 13. Bg2 Qc8 14. Qd5
Bxg2 15. Kxg2 Bf6 16. Be3 Qc2 17. Qd2 Qc6+ 18. f3 e4 19. Rac1 Qb7 20. Rc2 exf3+
21. exf3 Rac8 22. Rfc1 Rxc2 23. Rxc2 Re8 24. Qc1 h6 25. b3 Qa6 26. Qd2 Rd8 27.
Qe2 Qb7 28. Qf2 Rd7 29. Rd2 Rc7 30. Bd4 Bg5 31. Re2 Qb5 32. Rc2 Rxc2 33. Qxc2
a6 34. Qc8+ Kh7 35. Qc4 Qf5 36. Qe2 Bf6 37. g4 Qf4 38. Bf2 Qd6 39. Bg3 Qa3 40.
Qd2 Be7 41. Be5 Bb4 42. Qb2 Bf8 43. Qxa3 Bxa3 44. Kf2 Kg6 45. Ke3 f6 46. Bg3 f5
47. Be5 fxg4 48. fxg4 Kg5 49. Kf3 Bf8 50. Bc3 Kh4 51. Be1+ Kg5 52. b4 Kf6 53.
a4 Ke5 54. b5 axb5 55. axb5 Kd5 56. Bf2 g6 57. b6 Kc6 58. Ke4 Bg7 59. Bd4 Bf8
60. h3 Bd6 61. Be3 h5 62. g5 Bg3 63. Bf4 Be1 64. Ke5 Bc3+ 65. Ke6 Kxb6 66. Kf7
Kc6 67. Kxg6 Kd7 68. Kxh5 Ke8 69. Kg6 Kf8 70. Bd6+ Kg8 71. Be7 Be1 72. Bf6 Bh4
73. Kf5 Be1 74. g6 Bd2 75. h4 Bc1 76. h5 Bd2 77. Bg5 Bc3 78. h6 Bg7 1-0

[Event "Mittelfrankenliga 05/06 (B2a)"]
[Site "Mfr.2005/06-R6"]
[Date "2006.02.12"]
[Round "6.2"]
[White "Koerber, Thomas"]
[Black "Weiss, Markus[86]"]
[Result "1/2-1/2"]
[WhiteElo "1920"]
[BlackElo "1921"]
[Annotator "SF Fürth2-SG/TB Erlangen2"]
[PlyCount "65"]
[EventDate "2006.02.12"]
[SourceDate "2005.10.17"]

1. Nf3 Nf6 2. g3 g6 3. Bg2 Bg7 4. O-O O-O 5. d3 d6 6. e4 c6 7. h3 e5 8. Be3 Nh5
9. Nc3 Qa5 10. d4 Qb4 11. Rb1 Nd7 12. Qd2 f5 13. a3 Qa5 14. Bh6 fxe4 15. b4 Qb6
16. Nxe4 d5 17. Nc5 e4 18. Nh2 Nxc5 19. bxc5 Qc7 20. Bxg7 Nxg7 21. Ng4 Nf5 22.
Ne5 Re8 23. c3 Qe7 24. g4 Nh4 25. f3 Nxg2 26. Kxg2 exf3+ 27. Rxf3 Qh4 28. Qf4
Be6 29. Rxb7 Rf8 30. Qe3 Rae8 31. Rxf8+ Rxf8 32. Nf3 Qf6 33. Rb1 1/2-1/2

[Event "Mittelfrankenliga 05/06 (B2a)"]
[Site "Mfr.2005/06-R6"]
[Date "2006.02.12"]
[Round "6.3"]
[White "Albrecht, Thorsten"]
[Black "Beck, Gerhard[46]"]
[Result "1-0"]
[WhiteElo "1964"]
[BlackElo "1935"]
[Annotator "SF Fürth2-SG/TB Erlangen2"]
[PlyCount "91"]
[EventDate "2006.02.12"]
[SourceDate "2005.10.17"]

1. d4 Nf6 2. Nf3 g6 3. c4 Bg7 4. Nc3 d6 5. Bf4 O-O 6. h3 Nbd7 7. e3 c5 8. Be2
Re8 9. d5 a6 10. a4 Qc7 11. O-O Ne5 12. Nd2 e6 13. Nde4 Nxe4 14. Nxe4 f6 15.
dxe6 Bxe6 16. Qxd6 Qxd6 17. Nxd6 Re7 18. Bxe5 fxe5 19. Ne4 Rc8 20. Rad1 a5 21.
Rd6 Bf5 22. Bf3 Bd7 23. b3 Bc6 24. Rfd1 Bxe4 25. Bxe4 Kf7 26. Rb6 Rb8 27. Rdd6
Bf8 28. Rb5 Rc7 29. Bd5+ Ke7 30. Re6+ Kd7 31. Rxa5 Bd6 32. Ra7 b6 33. Rxc7+
Kxc7 34. f4 exf4 35. exf4 Rf8 36. g3 g5 37. fxg5 Rf5 38. g6 hxg6 39. Rxg6 Be5
40. g4 Rf6 41. Rg7+ Kd6 42. Rb7 Bd4+ 43. Kg2 Ke5 44. Re7+ Kf4 45. Bf3 Rd6 46.
h4 1-0

[Event "Mittelfrankenliga 05/06 (B2a)"]
[Site "Mfr.2005/06-R6"]
[Date "2006.02.12"]
[Round "6.4"]
[White "Vinokur, Mykhaylo"]
[Black "Jillek, Werner,Dr."]
[Result "1/2-1/2"]
[WhiteElo "1787"]
[BlackElo "1906"]
[Annotator "SF Fürth2-SG/TB Erlangen2"]
[PlyCount "34"]
[EventDate "2006.02.12"]
[SourceDate "2005.10.17"]

1. e4 c5 2. Nc3 d6 3. g3 Nc6 4. Bg2 e5 5. d3 Nf6 6. Nge2 Bg4 7. h3 Bxe2 8. Nxe2
Be7 9. Be3 O-O 10. O-O Nd4 11. c3 Ne6 12. d4 d5 13. dxe5 Nxe4 14. Bxe4 dxe4 15.
Qxd8 Rfxd8 16. Rad1 Rd3 17. Nc1 Rdd8 1/2-1/2

[Event "Mittelfrankenliga 05/06 (B2a)"]
[Site "Mfr.2005/06-R6"]
[Date "2006.02.12"]
[Round "6.5"]
[White "Heumueller, Marc"]
[Black "Buchta, Juergen"]
[Result "1-0"]
[WhiteElo "1818"]
[BlackElo "1763"]
[Annotator "SF Fürth2-SG/TB Erlangen2"]
[PlyCount "83"]
[EventDate "2006.02.12"]
[SourceDate "2005.10.17"]

1. d4 Nf6 2. c4 g6 3. Nc3 Bg7 4. g3 c6 5. e4 d6 6. Bg2 O-O 7. Nge2 Nbd7 8. O-O
e5 9. d5 c5 10. Rb1 Nb6 11. b3 Bd7 12. f4 exf4 13. gxf4 Bg4 14. h3 Bh5 15. Qc2
Nfd7 16. Ng3 Qh4 17. Nxh5 Qxh5 18. Nb5 Nc8 19. Be3 Qh4 20. Qd2 a6 21. Nc3 Re8
22. Bf2 Qh6 23. b4 b6 24. bxc5 Nxc5 25. Bxc5 bxc5 26. Rb7 Ra7 27. Rxa7 Nxa7 28.
Ne2 Qh4 29. Rb1 Nc8 30. Rb8 f5 31. e5 dxe5 32. Kf1 exf4 33. d6 Rd8 34. d7 Na7
35. Qd5+ Kh8 36. Rxd8+ Qxd8 37. Qb7 Bf6 38. Qxa7 Qa5 39. Nxf4 Bh4 40. Qb8+ Kg7
41. Ne6+ Kf6 42. d8=Q+ 1-0

[Event "Mittelfrankenliga 05/06 (B2a)"]
[Site "Mfr.2005/06-R6"]
[Date "2006.02.12"]
[Round "6.6"]
[White "Holzschuh, Tobias"]
[Black "Hetzner, Andreas"]
[Result "0-1"]
[WhiteElo "1652"]
[BlackElo "1777"]
[Annotator "SF Fürth2-SG/TB Erlangen2"]
[PlyCount "52"]
[EventDate "2006.02.12"]
[SourceDate "2005.10.17"]

1. d4 e6 2. Nf3 d5 3. c4 Bb4+ 4. Nc3 Nf6 5. e3 Ne4 6. Qc2 O-O 7. a3 Bxc3+ 8.
bxc3 Nd7 9. Bd3 Ndf6 10. O-O b6 11. cxd5 exd5 12. a4 Bb7 13. Ba3 Re8 14. Ne5 a6
15. c4 c5 16. Nf3 Rc8 17. Rab1 cxd4 18. Nxd4 dxc4 19. Be2 c3 20. Rfd1 Nd2 21.
Nb3 Be4 22. Rxd2 cxd2 23. Qd1 Bxb1 24. Qxb1 Rc3 25. Bb4 Rc1+ 26. Nxc1 d1=Q+ 0-1

[Event "Mittelfrankenliga 05/06 (B2a)"]
[Site "Mfr.2005/06-R6"]
[Date "2006.02.12"]
[Round "6.7"]
[White "Feist, Rainer"]
[Black "Bruckner, Paul"]
[Result "1-0"]
[WhiteElo "1627"]
[BlackElo "1530"]
[Annotator "SF Fürth2-SG/TB Erlangen2"]
[PlyCount "110"]
[EventDate "2006.02.12"]
[SourceDate "2005.10.17"]

1. c4 Nf6 2. f4 g6 3. d4 Bg7 4. Nc3 O-O 5. e4 d6 6. Nf3 c6 7. e5 dxe5 8. fxe5
Ne8 9. d5 Qc7 10. Bf4 Qb6 11. Qd2 Bf5 12. Be2 Nd7 13. O-O-O a5 14. Be3 Qc7 15.
d6 exd6 16. exd6 Qb8 17. Bh6 Nef6 18. Bxg7 Kxg7 19. Nd4 Be6 20. Nxe6+ fxe6 21.
Qe3 e5 22. g4 Qa7 23. Qg3 Qc5 24. g5 Nh5 25. Qh3 Rad8 26. Bxh5 gxh5 27. Qxh5
Qxc4 28. Qh6+ Kg8 29. Kb1 Qf4 30. Qe6+ Qf7 31. Qg4 Qf5+ 32. Qxf5 Rxf5 33. h4 b5
34. Ne4 Rf4 35. Rde1 Kg7 36. h5 Rdf8 37. Rhg1 R4f5 38. b3 a4 39. b4 Rf4 40. a3
Rf3 41. Nc5 Nxc5 42. bxc5 Rxa3 43. Rg2 b4 44. Ra2 Rb3+ 45. Kc1 Rc3+ 46. Rc2 Ra3
47. Rxe5 b3 48. Re7+ Kg8 49. Rce2 Ra1+ 50. Kb2 Ra2+ 51. Kc3 b2 52. Kc2 a3 53.
d7 Ra1 54. Re1 Rxe1 55. Rxe1 Kf7 1-0

[Event "Mittelfrankenliga 05/06 (B1)"]
[Site "Mfr.2005/06-R7"]
[Date "2006.03.19"]
[Round "7.1"]
[White "Schneider, David[90]"]
[Black "Seitz, Hans"]
[Result "1/2-1/2"]
[WhiteElo "2153"]
[BlackElo "2016"]
[Annotator "Herzogenaurach1-Großenseebach1"]
[PlyCount "40"]
[EventDate "2006.03.19"]
[SourceDate "2005.10.17"]

1. e4 e6 2. d4 d5 3. e5 c5 4. c3 Nc6 5. Nf3 Bd7 6. a3 c4 7. g3 Na5 8. Nbd2 Bc6
9. Bg2 Qd7 10. O-O Ba4 11. Qe2 Bc2 12. Ne1 Bg6 13. Bf3 Ne7 14. Qd1 Nec6 15. Ng2
h6 16. Nf4 Bh7 17. Nh5 Bg6 18. Nf4 Bh7 19. Nh5 Bg6 20. Nf4 Bh7 1/2-1/2

[Event "Mittelfrankenliga 05/06 (B1)"]
[Site "Mfr.2005/06-R7"]
[Date "2006.03.19"]
[Round "7.2"]
[White "Glitz, Martin"]
[Black "Suess, Stefan[87]"]
[Result "1-0"]
[WhiteElo "1990"]
[BlackElo "1846"]
[Annotator "Herzogenaurach1-Großenseebach1"]
[PlyCount "83"]
[EventDate "2006.03.19"]
[SourceDate "2005.10.17"]

1. e4 c5 2. Nf3 e6 3. d4 cxd4 4. Nxd4 a6 5. Bd3 d6 6. O-O Nf6 7. c4 b6 8. Nc3
Bb7 9. Nf3 Nbd7 10. Re1 Be7 11. h3 O-O 12. Bf4 Rc8 13. Rc1 Re8 14. Qd2 Nf8 15.
Rcd1 Ng6 16. Bh2 Nd7 17. Bf1 Nge5 18. Nxe5 Nxe5 19. b3 Qc7 20. Rc1 Rcd8 21. Qe3
Nd7 22. Red1 Bc6 23. b4 Ne5 24. Nd5 Bxd5 25. cxd5 Qb7 26. f4 Nd7 27. dxe6 fxe6
28. Bc4 Nf8 29. Qf3 d5 30. exd5 Bxb4 31. Kh1 Kh8 32. Qb3 exd5 33. Bxd5 Qe7 34.
Bg1 Ng6 35. Bf7 Rxd1 36. Rxd1 Rf8 37. Bxg6 hxg6 38. Bxb6 Rxf4 39. Rd8+ Kh7 40.
Qg8+ Kh6 41. Qh8+ Kg5 42. Rd5+ 1-0

[Event "Mittelfrankenliga 05/06 (B1)"]
[Site "Mfr.2005/06-R7"]
[Date "2006.03.19"]
[Round "7.3"]
[White "Seyb, Dieter"]
[Black "Walther, Reinhard"]
[Result "1-0"]
[WhiteElo "2219"]
[BlackElo "1980"]
[Annotator "Herzogenaurach1-Großenseebach1"]
[PlyCount "71"]
[EventDate "2006.03.19"]
[SourceDate "2005.10.17"]

1. e4 d6 2. d4 Nf6 3. Nc3 g6 4. f4 Bg7 5. Nf3 c5 6. dxc5 Qa5 7. Qd4 O-O 8. Bd2
Nc6 9. Qc4 Qxc5 10. Qxc5 dxc5 11. e5 Ne8 12. Be3 b6 13. O-O-O Nc7 14. Nb5 Ne6
15. Bc4 a6 16. Nc3 Ra7 17. Na4 b5 18. Bxe6 Bxe6 19. Nxc5 Bc8 20. Rd2 Rc7 21.
Rhd1 Re8 22. h3 Bf8 23. g4 a5 24. Kb1 Kg7 25. Nb3 a4 26. Nc5 Na5 27. b3 axb3
28. cxb3 Nb7 29. Nd3 h5 30. gxh5 Bxh3 31. h6+ Kh8 32. Ng5 Bf5 33. Nxf7+ Kh7 34.
Ng5+ Kh8 35. e6 Bxh6 36. Rh1 1-0

[Event "Mittelfrankenliga 05/06 (B1)"]
[Site "Mfr.2005/06-R7"]
[Date "2006.03.19"]
[Round "7.4"]
[White "Trockmann, Rafael"]
[Black "Borel, Markus"]
[Result "0-1"]
[WhiteElo "1912"]
[BlackElo "1863"]
[Annotator "Herzogenaurach1-Großenseebach1"]
[PlyCount "67"]
[EventDate "2006.03.19"]
[SourceDate "2005.10.17"]

1. Nf3 g6 2. e4 Bg7 3. d4 d6 4. Nc3 a6 5. Be3 Nd7 6. Bc4 h6 7. Qd2 e6 8. h3 Ne7
9. a4 b6 10. O-O Bb7 11. Nh2 Nf6 12. Bd3 c5 13. dxc5 bxc5 14. Ng4 Nxg4 15. hxg4
h5 16. gxh5 Rxh5 17. Be2 Rh7 18. Bf3 Nf5 19. Bg5 Bf6 20. Bf4 Nd4 21. Bg3 Qe7
22. Bg4 O-O-O 23. Nd5 Bxd5 24. exd5 Rdh8 25. Bh3 Rxh3 26. f3 Rxg3 27. Qa5 Qa7
28. Kf2 Nf5 29. c4 Bd4+ 30. Ke2 Rxg2+ 31. Kd3 Ng3 32. Rg1 Bxg1 33. b4 cxb4 34.
Rxg1 0-1

[Event "Mittelfrankenliga 05/06 (B1)"]
[Site "Mfr.2005/06-R7"]
[Date "2006.03.19"]
[Round "7.5"]
[White "Seyb, Alexander"]
[Black "Wellmann, Franz Georg"]
[Result "1/2-1/2"]
[WhiteElo "2094"]
[BlackElo "1863"]
[Annotator "Herzogenaurach1-Großenseebach1"]
[PlyCount "103"]
[EventDate "2006.03.19"]
[SourceDate "2005.10.17"]

1. e4 c5 2. Nf3 d6 3. d4 cxd4 4. Nxd4 Nf6 5. Nc3 a6 6. Be3 e5 7. Nb3 Be6 8. f3
Be7 9. Qd2 O-O 10. O-O-O Nbd7 11. g4 b5 12. g5 b4 13. Ne2 Ne8 14. f4 a5 15. f5
a4 16. fxe6 axb3 17. Kb1 fxe6 18. Bh3 bxa2+ 19. Ka1 Nc5 20. Ng3 Nc7 21. Qe2 Qe8
22. Qc4 Qb5 23. Qxb5 Nxb5 24. Bxc5 dxc5 25. Bxe6+ Kh8 26. Bd5 Nd4 27. Bxa8 Rxa8
28. Rxd4 exd4 29. h4 Bd6 30. Nf5 Be5 31. Ne7 g6 32. h5 Kg7 33. hxg6 hxg6 34.
Rh6 Ra6 35. Nf5+ gxf5 36. Rxa6 fxe4 37. Re6 b3 38. cxb3 d3 39. Rxe5 d2 40. Rd5
e3 41. Kxa2 e2 42. Rd7+ Kf8 43. Rxd2 e1=Q 44. Rc2 Qg1 45. Rc4 Qxg5 46. Kb1 Ke7
47. Rc3 Kd6 48. Ka2 Qg8 49. Kb1 Qb8 50. Ka2 Kc6 51. Rc4 Kb5 52. Ra4 1/2-1/2

[Event "Mittelfrankenliga 05/06 (B1)"]
[Site "Mfr.2005/06-R7"]
[Date "2006.03.19"]
[Round "7.6"]
[White "Boehm, Reinhard,Dr."]
[Black "Linsenmeyer, Mario"]
[Result "1/2-1/2"]
[WhiteElo "1844"]
[BlackElo "1911"]
[Annotator "Herzogenaurach1-Großenseebach1"]
[PlyCount "138"]
[EventDate "2006.03.19"]
[SourceDate "2005.10.17"]

1. e4 c5 2. Nc3 d6 3. g3 Nc6 4. Bg2 g6 5. d3 Bg7 6. f4 e6 7. Nf3 Rb8 8. O-O b5
9. Qe1 Nge7 10. Be3 b4 11. Nd1 Nd4 12. Qf2 Nxf3+ 13. Bxf3 O-O 14. d4 d5 15.
dxc5 d4 16. Bd2 Qc7 17. c3 bxc3 18. bxc3 Qxc5 19. e5 Rd8 20. cxd4 Qxd4 21. Qxd4
Rxd4 22. Be3 Rd7 23. Nf2 Nd5 24. Bc5 g5 25. Bd6 Rxd6 26. exd6 Bxa1 27. Rxa1
gxf4 28. gxf4 Rb6 29. Bxd5 exd5 30. Rc1 Bf5 31. d7 Bxd7 32. Rc7 Rd6 33. Rxa7 d4
34. Ne4 d3 35. Nd2 Bf5 36. Ra5 Bg4 37. Rg5+ Rg6 38. Rxg6+ fxg6 39. Kf2 Kf7 40.
Ke3 Ke6 41. Kxd3 Kf5 42. Ke3 Bd1 43. Ne4 h6 44. Nc3 Bh5 45. a4 g5 46. fxg5 hxg5
47. a5 Kg4 48. Kf2 Be8 49. a6 Bc6 50. Ne2 Kh3 51. Kg1 Ba8 52. a7 Bb7 53. Ng3
Ba8 54. Nh5 Bb7 55. Nf6 Ba8 56. Nh7 g4 57. Ng5+ Kh4 58. Ne6 g3 59. Nc7 gxh2+
60. Kxh2 Bb7 61. Kg1 Kg3 62. Kf1 Kf3 63. Ke1 Ke3 64. Kd1 Kd4 65. Kd2 Kc5 66.
a8=Q Bxa8 67. Nxa8 Kc6 68. Kc3 Kb7 69. Kb4 Kxa8 1/2-1/2

[Event "Mittelfrankenliga 05/06 (B1)"]
[Site "Mfr.2005/06-R7"]
[Date "2006.03.19"]
[Round "7.7"]
[White "Rosin, Ralf"]
[Black "Wolter, Norbert"]
[Result "1-0"]
[WhiteElo "1961"]
[BlackElo "1748"]
[Annotator "Herzogenaurach1-Großenseebach1"]
[PlyCount "115"]
[EventDate "2006.03.19"]
[SourceDate "2005.10.17"]

1. e4 d5 2. exd5 Nf6 3. d4 Nxd5 4. Nf3 Bg4 5. Be2 e6 6. O-O Be7 7. Nbd2 O-O 8.
Ne4 Nd7 9. c3 c5 10. Ng3 cxd4 11. Qxd4 Bxf3 12. Bxf3 N7b6 13. Nh5 Bf6 14. Nxf6+
Qxf6 15. Qxf6 gxf6 16. Bh6 Rfd8 17. Rad1 Nc4 18. Rd4 Ne5 19. Rfd1 Nxf3+ 20.
gxf3 Kh8 21. c4 Rg8+ 22. Kf1 Rg6 23. Bc1 Nb6 24. Rd8+ Rxd8 25. Rxd8+ Rg8 26.
Rxg8+ Kxg8 27. b3 Kf8 28. Be3 Nc8 29. Bc5+ Ke8 30. Ke2 Kd7 31. Ke3 b6 32. Bf8
Kc6 33. Bg7 b5 34. cxb5+ Kxb5 35. Bxf6 Nd6 36. Bc3 Kc6 37. Bb4 Nf5+ 38. Ke4 f6
39. Ba3 Kd7 40. Bc5 a6 41. Ba3 Nh4 42. Bb2 f5+ 43. Kf4 Kd6 44. Bf6 Ng2+ 45. Kg5
Ne1 46. Kh6 Nxf3 47. h4 e5 48. Kxh7 f4 49. Kg6 e4 50. h5 e3 51. fxe3 fxe3 52.
h6 e2 53. Bc3 Ne5+ 54. Kg7 Ke6 55. h7 Nf7 56. Bb4 Nd6 57. h8=Q Nf5+ 58. Kf8 1-0